| 000 | 00562nam a2200193 a 4500 | ||
|---|---|---|---|
| 001 | 5829 | ||
| 003 | CDMR | ||
| 005 | 20131213134515.0 | ||
| 008 | 130220s1991||||||||||||||||||||||||||||d | ||
| 020 | _a8421616048 | ||
| 040 |
_aCDMR _bcat _cCDMR |
||
| 100 | 1 |
_aLarra, Mariano José de _92357 |
|
| 245 | 1 | 0 |
_aArtículos _cMariano José de Larra ; introducción, notas y actividades de Rafael Fernández Díaz |
| 260 |
_a[Barcelona] _bBruño _c1991 |
||
| 300 |
_a207 p. ; _c22 cm |
||
| 490 | 0 |
_aAnaquel _v12 |
|
| 600 | 1 |
_92357 _aLarra, Mariano José de |
|
| 942 |
_cMON _2udc |
||
| 999 |
_c5829 _d5829 |
||